| 000 | 00606nam a2200229 a 4500 | ||
|---|---|---|---|
| 005 | 20210219153449.0 | ||
| 008 | 991125n 000 0 u | ||
| 035 | _aUPN01000101356 | ||
| 100 | _aShaw, Kenneth A. | ||
| 222 | _aEDUCATIONAL RECORD | ||
| 245 | _aSunflower seeds at syracuse | ||
| 300 | _a20-27 | ||
| 362 | _a74, No. 2, 1993 | ||
| 505 | _aOctubre 1993 | ||
| 653 | 0 | _aADMINISTRACION DE COLEGIOS | |
| 653 | 0 | _aCAMBIO ORGANIZACIONAL | |
| 653 | 0 | _aCLIMA ORGANIZACIONAL | |
| 653 | 0 | _aCONTROL DE CALIDAD | |
| 653 | 0 | _aSISTEMAS DE DIRECCION | |
| 904 |
_aAC _b039167 |
||
| 905 | _aArticulo | ||
| 999 |
_c77560 _d77560 |
||